Engineering mathematics (Record no. 12386)

000 -LEADER
fixed length control field 00398nam a22001577a 4500
008 - FIXED-LENGTH DATA ELEMENTS--GENERAL INFORMATION
fixed length control field 210201b ||||| |||| 00| 0 eng d
082 00 - DEWEY DECIMAL CLASSIFICATION NUMBER
Classification number 510.2462
Item number B637
100 ## - MAIN ENTRY--PERSONAL NAME
9 (RLIN) 483
Personal name Blakey, Joseph
245 10 - TITLE STATEMENT
Title Engineering mathematics
260 ## - PUBLICATION, DISTRIBUTION, ETC. (IMPRINT)
Place of publication, distribution, etc Calcutta
Name of publisher, distributor, etc Blackie
Date of publication, distribution, etc 1961
300 ## - PHYSICAL DESCRIPTION
Extent 603p.
365 ## - TRADE PRICE
Unit of pricing 25.00
650 #0 - SUBJECT ADDED ENTRY--TOPICAL TERM
Topical term or geographic name as entry element Mathematics
700 ## - ADDED ENTRY--PERSONAL NAME
9 (RLIN) 4533
Personal name Hutton, M
942 ## - ADDED ENTRY ELEMENTS (KOHA)
Item type Books
Holdings
Withdrawn status Lost status Source of classification or shelving scheme Damaged status Not for loan Permanent location Current location Date acquired Source of acquisition Full call number Barcode Date last seen Koha item type
          IMU Kolkata IMU Kolkata 1971-06-28 Das Gupta & Co 510.2462 B637 03665 2021-02-01 Books
          IMU Kolkata IMU Kolkata 1971-06-28 Das Gupta & Co 510.2462 B637 03666 2021-02-01 Books
Designed and Maintained by IMU-KC Library, Kolkata Campus © Copyright All Rights Reserved

webs counters

Powered by Koha